[Event "Men Ch GroupA r_4"]
[Site "Albena BUL"]
[Date "2010.05.30"]
[Round "4.2"]
[White "Mrdja, Milan"]
[Black "Kozhuharov, Spas"]
[Result "0-1"]
[WhiteElo "2383"]
[BlackElo "2404"]
[PlyCount "116"]
[EventDate "2010.05.27"]
[EventRounds "7"]
[EventCountry "BUL"]

1. e4 c5 2. Nf3 d6 3. d4 Nf6 4. Nc3 cxd4 5. Qxd4 a6 6. Bg5 Nc6 7. Qd2 e6 8.
O-O-O Be7 9. Bf4 Ng4 10. Bg5 Nf6 11. Bf4 Ng4 12. Bg5 Nf6 13. h3 Qc7 14. Nd4 O-O
15. f4 Rd8 16. g4 Nxd4 17. Qxd4 b5 18. Bd3 Bb7 19. Rhe1 Rac8 20. Kb1 h6 21. h4
Qc5 22. Qxc5 Rxc5 23. Bxf6 Bxf6 24. g5 Bxc3 25. bxc3 Rxc3 26. gxh6 gxh6 27.
Rg1+ Kf8 28. Rd2 Rcc8 29. f5 exf5 30. exf5 Ke7 31. f6+ Kxf6 32. Rf2+ Ke7 33.
Re1+ Kf8 34. Rf6 Kg7 35. Rf5 Rc5 36. Rg1+ Kf8 37. Rf6 h5 38. Rh6 Re5 39. Kb2
Bc8 40. Rg5 Rxg5 41. hxg5 Bg4 42. Kc3 Ke7 43. Rh7 Ke6 44. Kd4 Rg8 45. Rh6+ Ke7
46. g6 f5 47. Ke3 Kf6 48. Kf4 Rxg6 49. Rh8 Kg7 50. Ra8 d5 51. Ra7+ Kh6 52. Ra8
Re6 53. Rd8 Kg6 54. Rg8+ Kf6 55. Rd8 Ke7 56. Rh8 Kd6 57. c3 Kc5 58. a3 Kb6 0-1

[Event "Men Ch GroupA r_4"]
[Site "Albena BUL"]
[Date "2010.05.30"]
[Round "4.2"]
[White "Arnaudov, G  Petar"]
[Black "Marholev, Dimitar"]
[Result "1/2-1/2"]
[WhiteElo "2433"]
[BlackElo "2416"]
[PlyCount "60"]
[EventDate "2010.05.27"]
[EventRounds "7"]
[EventCountry "BUL"]

1. d4 e6 2. c4 b6 3. Nf3 Bb7 4. g3 Bb4+ 5. Bd2 Bxd2+ 6. Nbxd2 f5 7. Bg2 Nf6 8.
O-O O-O 9. b4 Ne4 10. Nxe4 Bxe4 11. d5 Qe7 12. Qb3 a5 13. a3 Na6 14. dxe6 dxe6
15. Nd4 Bxg2 16. Kxg2 axb4 17. axb4 Nxb4 18. c5 Nd5 19. Rxa8 Rxa8 20. cxb6 cxb6
21. Nxf5 Qb7 22. f3 exf5 23. e4 fxe4 24. fxe4 Rd8 25. Rd1 Qe7 26. exd5 Qe2+ 27.
Kg1 Rd6 28. Rc1 Qe8 29. Rd1 Qe5 30. Qd3 b5 1/2-1/2

[Event "Men Ch GroupA r_4"]
[Site "Albena BUL"]
[Date "2010.05.30"]
[Round "4.2"]
[White "Dobrev, Nanko"]
[Black "Bratanov, Zsivko"]
[Result "1-0"]
[WhiteElo "2396"]
[BlackElo "2490"]
[PlyCount "57"]
[EventDate "2010.05.27"]
[EventRounds "7"]
[EventCountry "BUL"]

1. d4 Nf6 2. Nf3 e6 3. c4 b6 4. a3 Ba6 5. Qc2 Bb7 6. Nc3 c5 7. e4 cxd4 8. Nxd4
Bc5 9. Nb3 Nc6 10. Bg5 h6 11. Bh4 d6 12. O-O-O Qe7 13. Kb1 g5 14. Bg3 O-O-O 15.
Be2 Kb8 16. Nxc5 bxc5 17. Rxd6 Rxd6 18. e5 Nxe5 19. Bxe5 Ka8 20. Nb5 Rd7 21.
Qc3 Ne4 22. Qa5 Nd2+ 23. Ka2 Bxg2 24. Rd1 f6 25. Bc7 Rxc7 26. Nxc7+ Kb7 27. Na6
Ne4 28. Qb5+ Ka8 29. Rd7 1-0

[Event "Men Ch GroupA r_4"]
[Site "Albena BUL"]
[Date "2010.05.30"]
[Round "4.3"]
[White "Lalev, Dimitar"]
[Black "Lilov, Valeri"]
[Result "0-1"]
[WhiteElo "2396"]
[BlackElo "2415"]
[PlyCount "84"]
[EventDate "2010.05.27"]
[EventRounds "7"]
[EventCountry "BUL"]

1. d4 Nf6 2. c4 e6 3. Nf3 b6 4. a3 Bb7 5. Nc3 d5 6. cxd5 Nxd5 7. Qa4+ Qd7 8.
Qc2 Nxc3 9. bxc3 Be7 10. e4 O-O 11. Bd3 c5 12. O-O Qc8 13. Qe2 Rd8 14. Rd1 cxd4
15. cxd4 Ba6 16. Bb2 Bxd3 17. Rxd3 Nd7 18. Re3 Qb7 19. Rd1 Bf6 20. e5 Be7 21.
d5 exd5 22. e6 fxe6 23. Rxe6 Bf6 24. Re1 Bxb2 25. Qxb2 Nf6 26. Nd4 Re8 27. Nf5
Qf7 28. Re7 Rxe7 29. Rxe7 Re8 30. Qb4 Rxe7 31. Nxe7+ Kh8 32. Qd6 h6 33. f3 Qe8
34. Kf2 Qb5 35. g4 Qc5+ 36. Qxc5 bxc5 37. Ke3 g5 38. a4 d4+ 39. Kd3 Nd7 40. Nc6
a6 41. a5 Kg7 42. Nxd4 Ne5+ 0-1

[Event "Men Ch GroupA r_4"]
[Site "Albena BUL"]
[Date "2010.05.30"]
[Round "4.3"]
[White "Manolov, Ivan"]
[Black "Ilchev, Dimitar"]
[Result "0-1"]
[WhiteElo "2266"]
[BlackElo "2043"]
[PlyCount "108"]
[EventDate "2010.05.27"]
[EventRounds "7"]
[EventCountry "BUL"]

1. e4 c6 2. d3 d5 3. Nd2 e6 4. Ngf3 Nf6 5. Be2 Be7 6. O-O O-O 7. c3 b6 8. e5
Nfd7 9. Re1 c5 10. d4 Nc6 11. Bd3 Re8 12. Nf1 Nf8 13. Ng3 cxd4 14. cxd4 Bb7 15.
a3 a5 16. b3 Ba6 17. Bc2 Rc8 18. Bb2 Qd7 19. Qd2 Rc7 20. Rac1 Rec8 21. Bb1 Na7
22. Rxc7 Rxc7 23. h4 Qc8 24. Re3 Nb5 25. b4 axb4 26. axb4 Rc4 27. Rb3 Qd7 28.
Bd3 Rc7 29. Qe2 Ra7 30. h5 h6 31. Bc1 Rc7 32. Bd2 Ra7 33. Nf1 Nc7 34. b5 Bc8
35. g4 Qd8 36. Ne1 Ra2 37. f4 Bd7 38. Nf3 Qa8 39. Bb1 Ra3 40. Rb2 Bxb5 41. Qf2
Qa6 42. Ne3 Bd3 43. Bxd3 Rxd3 44. Rc2 Nb5 45. Kg2 Nxd4 46. Nxd4 Rxd4 47. Nf5
exf5 48. Qxd4 Qe2+ 49. Kg3 Bc5 50. Rxc5 bxc5 51. Qxd5 Qxg4+ 52. Kf2 Ne6 53. Qf3
Qxf3+ 54. Kxf3 Kf8 0-1

[Event "Men Ch GroupA r_4"]
[Site "Albena BUL"]
[Date "2010.05.30"]
[Round "4.3"]
[White "Rahnev, Alexander"]
[Black "Andreev, Sasho"]
[Result "0-1"]
[WhiteElo "2125"]
[BlackElo "2194"]
[PlyCount "56"]
[EventDate "2010.05.27"]
[EventRounds "7"]
[EventCountry "BUL"]

1. d4 d5 2. Nf3 Nf6 3. g3 c5 4. c3 Bf5 5. Bg2 e6 6. O-O Nc6 7. Qb3 Qc8 8. Be3
c4 9. Qd1 Bd6 10. Nbd2 h6 11. Re1 g5 12. h4 Ng4 13. Nf1 Qc7 14. hxg5 O-O-O 15.
Qd2 Nxe3 16. Qxe3 hxg5 17. Nxg5 Rdg8 18. f4 Nd8 19. b3 f6 20. Nf3 Rxg3 21. Nxg3
Bxf4 22. Nxf5 Bxe3+ 23. Nxe3 cxb3 24. axb3 Kb8 25. c4 Rg8 26. Nf1 Qg7 27. Ne3
f5 28. Kf2 Qg3+ 0-1

[Event "Men Ch GroupA r_4"]
[Site "Albena BUL"]
[Date "2010.05.30"]
[Round "4.3"]
[White "Angelov, Angel"]
[Black "Dimitrov, Marin"]
[Result "1-0"]
[WhiteElo "2227"]
[BlackElo "2097"]
[PlyCount "63"]
[EventDate "2010.05.27"]
[EventRounds "7"]
[EventCountry "BUL"]

1. e4 c5 2. Nc3 Nc6 3. g3 g6 4. Bg2 Bg7 5. f4 e6 6. d3 Nge7 7. e5 d5 8. Nf3 O-O
9. O-O Rb8 10. a4 a6 11. g4 f6 12. exf6 Bxf6 13. Re1 b5 14. axb5 axb5 15. Re2
b4 16. Na4 Nd4 17. Nxd4 Bxd4+ 18. Kh1 Qd6 19. c3 Bg7 20. Qe1 Nc6 21. Qg3 Bd7
22. f5 Be5 23. Rxe5 Qxe5 24. Bf4 Qg7 25. fxe6 Bxe6 26. Nxc5 bxc3 27. Nxe6 cxb2
28. Rb1 Qc3 29. Nxf8 Rxf8 30. Bxd5+ Kg7 31. Qe3 g5 32. Bxg5 1-0

[Event "Men Ch GroupA r_4"]
[Site "Albena BUL"]
[Date "2010.05.30"]
[Round "4.4"]
[White "Georgiev, Kiril"]
[Black "Ninov, Nikolai"]
[Result "1/2-1/2"]
[WhiteElo "2662"]
[BlackElo "2524"]
[PlyCount "182"]
[EventDate "2010.05.27"]
[EventRounds "7"]
[EventCountry "BUL"]

1. d4 Nf6 2. c4 e6 3. g3 d5 4. Nf3 dxc4 5. Bg2 b5 6. a4 c6 7. axb5 cxb5 8. Ne5
Nd5 9. Nc3 Bb4 10. O-O Bxc3 11. e4 Bxb2 12. Bxb2 Ne7 13. Nxf7 Kxf7 14. Qh5+ Kg8
15. Qxb5 Nd7 16. Qxc4 Qb6 17. Bc3 a5 18. Rfb1 Qc6 19. Qd3 Ba6 20. Qd2 Bc4 21.
d5 exd5 22. exd5 Nxd5 23. Qg5 g6 24. Rd1 h6 25. Bxd5+ Bxd5 26. Qxd5+ Qxd5 27.
Rxd5 Rh7 28. Rdxa5 Rxa5 29. Rxa5 Re7 30. Ra7 h5 31. Kg2 Rf7 32. Bd4 Nf8 33. Ra8
Rc7 34. Bb6 Rc6 35. Be3 Kf7 36. Ra7+ Ke8 37. Kf3 Ne6 38. Ke4 Rc7 39. Ra5 Kf7
40. h3 Re7 41. Kf3 Rb7 42. Ra6 Rc7 43. Rd6 Rb7 44. Ke4 Ke7 45. Rd5 Kf6 46. Ra5
Nc7 47. Ra4 Ne6 48. Ra6 Kf7 49. Rc6 Rb5 50. Kf3 Ng5+ 51. Kg2 Ne6 52. Ra6 Rd5
53. Ra7+ Kf6 54. Bc1 Rb5 55. Ba3 g5 56. Bc1 Rb4 57. Ra6 Kf5 58. Be3 Rb5 59. Ra8
Rb4 60. Kf3 Nd4+ 61. Kg2 Ne6 62. Rh8 Kg6 63. Kf1 h4 64. gxh4 Rxh4 65. Rxh4 gxh4
66. Kg2 Kf5 67. Kf3 Nf8 68. Bc5 Ng6 69. Bd6 Ke6 70. Bb8 Kf5 71. Ke3 Nf8 72. Bd6
Ne6 73. Kf3 Ng5+ 74. Kg2 Ne6 75. Be7 Nf4+ 76. Kh2 Ng6 77. Bd6 Ke4 78. Kg2 Kd5
79. Bc7 Ke4 80. Bd6 Kd5 81. Bh2 Ke4 82. Bc7 Nf8 83. Bd8 Ng6 84. Bg5 Kf5 85. Bd2
Ke4 86. Bc1 Ne5 87. Ba3 Nf3 88. Bb4 Kf4 89. Bc3 Ke4 90. Kf1 Ng5 91. Kg2 Nf3
1/2-1/2

[Event "Men Ch GroupA r_4"]
[Site "Albena BUL"]
[Date "2010.05.30"]
[Round "4.4"]
[White "Popchev, Milko"]
[Black "Lupulescu, Constantin"]
[Result "0-1"]
[WhiteElo "2499"]
[BlackElo "2593"]
[PlyCount "82"]
[EventDate "2010.05.27"]
[EventRounds "7"]
[EventCountry "BUL"]

1. d4 Nf6 2. c3 e6 3. Bg5 c5 4. e3 cxd4 5. exd4 b6 6. Nf3 Be7 7. Nbd2 O-O 8.
Bd3 Ba6 9. Bxa6 Nxa6 10. O-O d6 11. Qe2 Nc7 12. a4 a6 13. Ne1 Nfd5 14. Bxe7
Qxe7 15. Nd3 b5 16. axb5 axb5 17. g3 g6 18. Rfe1 f5 19. Rxa8 Rxa8 20. Qd1 Kg7
21. Qb3 Qd7 22. Nf1 h5 23. Ne3 Nxe3 24. Rxe3 Nd5 25. Re1 h4 26. Qd1 hxg3 27.
hxg3 Rh8 28. Qf3 g5 29. Qg2 Kf7 30. Ra1 Qc7 31. Rd1 g4 32. Kf1 Qc4 33. Ke1 b4
34. Qf1 Qb3 35. c4 Nf6 36. Rc1 Ne4 37. c5 dxc5 38. dxc5 Ng5 39. Ke2 Nf3 40. c6
Qd5 41. Kd1 Rh1 0-1

[Event "Men Ch GroupA r_4"]
[Site "Albena BUL"]
[Date "2010.05.30"]
[Round "4.4"]
[White "Spasov, Vasil"]
[Black "Genov, Petar"]
[Result "1-0"]
[WhiteElo "2605"]
[BlackElo "2438"]
[PlyCount "103"]
[EventDate "2010.05.27"]
[EventRounds "7"]
[EventCountry "BUL"]

1. e4 c6 2. d4 d5 3. Nd2 dxe4 4. Nxe4 Bf5 5. Ng3 Bg6 6. h4 h6 7. Nf3 Nd7 8. h5
Bh7 9. Bd3 Bxd3 10. Qxd3 e6 11. Bd2 Ngf6 12. O-O-O Be7 13. Ne4 Nxe4 14. Qxe4
Nf6 15. Qe2 Qd5 16. c4 Qe4 17. Qxe4 Nxe4 18. Be3 Nd6 19. b3 b5 20. c5 Ne4 21.
Kc2 O-O 22. Ne5 Rac8 23. b4 Rfd8 24. a4 a6 25. Ra1 Bf6 26. axb5 axb5 27. Ra6
Bxe5 28. dxe5 Rd5 29. Rha1 Rxe5 30. Ra8 Rf8 31. R1a6 Nxf2 32. Bxf2 Re2+ 33. Kd3
Rxf2 34. Rxf8+ Kxf8 35. Rxc6 Rf4 36. Kc3 Rc4+ 37. Kb3 Rg4 38. Rb6 Rg3+ 39. Kc2
Ke7 40. Rxb5 Kd7 41. Rb7+ Kc6 42. Rxf7 e5 43. Re7 Rxg2+ 44. Kb3 Rg3+ 45. Ka4
Rg1 46. Re6+ Kd5 47. Rd6+ Kc4 48. Ka5 Ra1+ 49. Kb6 Kxb4 50. c6 Kc4 51. c7 Ra8
52. Rd8 1-0

[Event "Men Ch GroupA r_4"]
[Site "Albena BUL"]
[Date "2010.05.30"]
[Round "4.4"]
[White "Berbatov, Kiprian"]
[Black "Kolev, Atanas"]
[Result "1/2-1/2"]
[WhiteElo "2471"]
[BlackElo "2580"]
[PlyCount "61"]
[EventDate "2010.05.27"]
[EventRounds "7"]
[EventCountry "BUL"]

1. e4 e5 2. Nf3 Nc6 3. Bb5 a6 4. Ba4 Nf6 5. O-O Nxe4 6. d4 b5 7. Bb3 d5 8. dxe5
Be6 9. c3 Bc5 10. Nbd2 O-O 11. Qe2 Bf5 12. Nxe4 dxe4 13. Ng5 Nxe5 14. Nxe4 Qd3
15. Qxd3 Nxd3 16. Nxc5 Nxc5 17. Be3 Nxb3 18. axb3 a5 19. Rfd1 Be6 20. b4 axb4
21. Rxa8 Rxa8 22. cxb4 Bb3 23. Rc1 Rd8 24. f3 Rd1+ 25. Rxd1 Bxd1 26. Kf2 f6 27.
Bf4 c6 28. Ke3 Kf7 29. Kd4 Bb3 30. Kc5 Bd5 31. Bc7 1/2-1/2

[Event "Men Ch GroupA r_4"]
[Site "Albena BUL"]
[Date "2010.05.30"]
[Round "4.4"]
[White "Rusev, Krasimir"]
[Black "Ivanov, Jordan"]
[Result "1-0"]
[WhiteElo "2553"]
[BlackElo "2429"]
[PlyCount "66"]
[EventDate "2010.05.27"]
[EventRounds "7"]
[EventCountry "BUL"]

1. d4 Nf6 2. c4 e6 3. Nc3 d5 4. Nf3 c6 5. e3 Nbd7 6. Qc2 Bd6 7. Bd3 dxc4 8.
Bxc4 O-O 9. O-O a6 10. a4 c5 11. dxc5 Bxc5 12. Ne4 Be7 13. Nxf6+ Bxf6 14. Bd3
g6 15. Rd1 Qe7 16. Bd2 Ne5 17. Be4 Nxf3+ 18. Bxf3 Bd7 19. Qb3 a5 20. Qxb7 Rab8
21. Qa7 Bxb2 22. Ra2 e5 23. Bxa5 Qe6 24. Rxb2 Rxb2 25. Qxd7 Qxd7 26. Rxd7 Ra8
27. Bd8 Rb4 28. Bd1 Rbxa4 29. Kf1 R4a7 30. Rd2 f5 31. Ke2 e4 32. Bf6 Kf7 33.
Bd4 Rb7 1-0

[Event "Men Ch GroupA r_4"]
[Site "Albena BUL"]
[Date "2010.05.30"]
[Round "4.4"]
[White "Andonov, Bogomil"]
[Black "Enchev, Ivajlo"]
[Result "0-1"]
[WhiteElo "2309"]
[BlackElo "2429"]
[PlyCount "78"]
[EventDate "2010.05.27"]
[EventRounds "7"]
[EventCountry "BUL"]

1. c4 e5 2. Nc3 Nc6 3. e3 Nf6 4. a3 d5 5. cxd5 Nxd5 6. Qc2 g6 7. Nf3 Bg7 8.
Nxd5 Qxd5 9. Bc4 Qd6 10. d3 O-O 11. O-O Na5 12. Ba2 Bf5 13. e4 Bg4 14. Ng5 h6
15. h3 Bd7 16. Nf3 c5 17. Be3 b6 18. Bd5 Rac8 19. Rab1 Nc6 20. Rfc1 Kh7 21. Nd2
f5 22. Nc4 Qf6 23. exf5 gxf5 24. Bd2 Nd4 25. Qd1 Rcd8 26. Bc3 Bb5 27. Ne3 Kh8
28. a4 Ba6 29. b4 Qg5 30. Ba2 Bxd3 31. Rb2 Be4 32. Qf1 f4 33. Ng4 h5 34. f3 Ba8
35. Nh2 e4 36. fxe4 f3 37. Bd2 Ne2+ 38. Qxe2 fxe2 39. Bxg5 Rd1+ 0-1

[Event "Men Ch GroupA r_5"]
[Site "Albena BUL"]
[Date "2010.05.31"]
[Round "5.1"]
[White "Iotov, Valentin"]
[Black "Popchev, Milko"]
[Result "1/2-1/2"]
[WhiteElo "2569"]
[BlackElo "2499"]
[PlyCount "87"]
[EventDate "2010.05.27"]
[EventRounds "7"]
[EventCountry "BUL"]

1. d4 d6 2. c4 e5 3. d5 Be7 4. Nc3 a5 5. e4 Bg5 6. Bd3 Bxc1 7. Qxc1 Na6 8. Nge2
Nf6 9. O-O O-O 10. Bc2 Nd7 11. a3 Nb6 12. b3 h6 13. f4 exf4 14. Rxf4 a4 15. b4
Nxc4 16. Bxa4 Ne5 17. Qe3 Nb8 18. Nd4 Nbd7 19. Bb3 Ng6 20. Rff1 Nde5 21. a4 Bd7
22. Rac1 Qe7 23. h3 Rfc8 24. Ncb5 Bxb5 25. Nxb5 Nf8 26. Rc2 c6 27. Rfc1 Qd7 28.
dxc6 bxc6 29. Nd4 Nfg6 30. b5 Ne7 31. Nxc6 N7xc6 32. bxc6 Rxc6 33. Rxc6 Nxc6
34. Bd5 Rc8 35. Kh2 Ne7 36. Rxc8+ Qxc8 37. a5 g5 38. Qb6 Nxd5 39. exd5 Qc3 40.
a6 Qe5+ 41. Kh1 Qa1+ 42. Kh2 Qe5+ 43. Kh1 Qa1+ 44. Kh2 1/2-1/2

[Event "Men Ch GroupA r_5"]
[Site "Albena BUL"]
[Date "2010.05.31"]
[Round "5.1"]
[White "Genov, Petar"]
[Black "Kogan, Artur"]
[Result "0-1"]
[WhiteElo "2438"]
[BlackElo "2525"]
[PlyCount "68"]
[EventDate "2010.05.27"]
[EventRounds "7"]
[EventCountry "BUL"]

1. c4 e5 2. Nc3 d6 3. g3 f5 4. Bg2 Nf6 5. d3 Be7 6. e4 c6 7. Nge2 O-O 8. O-O
Na6 9. b3 Qe8 10. exf5 Bxf5 11. Ba3 Rd8 12. d4 b5 13. cxb5 cxb5 14. Nd5 Nxd5
15. Bxd5+ Kh8 16. Qd2 b4 17. Bb2 Bh3 18. Bg2 Bxg2 19. Kxg2 e4 20. f3 exf3+ 21.
Rxf3 Rxf3 22. Kxf3 Nc7 23. Kg2 Bg5 24. Qd3 Qc6+ 25. Qf3 Qc2 26. Bc1 Ne6 27. Qf2
Rf8 28. Nf4 Qe4+ 29. Qf3 Qc2+ 30. Qf2 Qc3 31. Bb2 Qc6+ 32. Qf3 Qc2+ 33. Qf2
Qe4+ 34. Qf3 Rxf4 0-1

[Event "Men Ch GroupA r_5"]
[Site "Albena BUL"]
[Date "2010.05.31"]
[Round "5.1"]
[White "Nikolov, Momchil"]
[Black "Berbatov, Kiprian"]
[Result "1-0"]
[WhiteElo "2553"]
[BlackElo "2471"]
[PlyCount "67"]
[EventDate "2010.05.27"]
[EventRounds "7"]
[EventCountry "BUL"]

1. d4 Nf6 2. c4 g6 3. Nc3 Bg7 4. e4 d6 5. f3 O-O 6. Be3 c5 7. Nge2 Nc6 8. Qd2
b6 9. d5 Ne5 10. Ng3 e6 11. Be2 Ba6 12. b3 exd5 13. exd5 Re8 14. O-O b5 15.
cxb5 Bb7 16. Bg5 Qa5 17. Rad1 Ned7 18. Bc4 a6 19. a4 h6 20. Bf4 Nh5 21. Nce4
Qxd2 22. Bxd2 Nxg3 23. hxg3 Bd4+ 24. Kh2 Re5 25. g4 Bxd5 26. Nxd6 axb5 27. Bxd5
Rxd5 28. Nxb5 Be5+ 29. Kg1 Nb6 30. Be3 Rxd1 31. Rxd1 c4 32. Bxb6 cxb3 33. Rd8+
Rxd8 34. Bxd8 1-0

[Event "Men Ch GroupA r_5"]
[Site "Albena BUL"]
[Date "2010.05.31"]
[Round "5.1"]
[White "Ivanov, Jordan"]
[Black "Petrov, Marijan"]
[Result "0-1"]
[WhiteElo "2429"]
[BlackElo "2545"]
[PlyCount "66"]
[EventDate "2010.05.27"]
[EventRounds "7"]
[EventCountry "BUL"]

1. d4 g6 2. e4 Bg7 3. Nf3 d6 4. Nc3 Nf6 5. h3 O-O 6. Be3 c6 7. a4 Nbd7 8. a5 d5
9. e5 Ne8 10. h4 f6 11. h5 fxe5 12. hxg6 hxg6 13. Bd3 exd4 14. Bxg6 Rf6 15.
Bh7+ Kf8 16. Nxd4 e5 17. Nf5 d4 18. Nxg7 Nxg7 19. Bg5 dxc3 20. Bg6 Kg8 21. Qd3
cxb2 22. Rh8+ Kxh8 23. Qh3+ Kg8 24. Qh7+ Kf8 25. Qh8+ Ke7 26. Qxg7+ Ke6 27. Rd1
b1=Q 28. Rxb1 Qf8 29. Qh7 Rxf2 30. Qh3+ Kd6 31. Qd3+ Kc7 32. Rd1 Rxg2 33. Be3
Qf6 0-1

[Event "Men Ch GroupA r_5"]
[Site "Albena BUL"]
[Date "2010.05.31"]
[Round "5.1"]
[White "Bojkov, Dejan"]
[Black "Andonov, Bogomil"]
[Result "1/2-1/2"]
[WhiteElo "2542"]
[BlackElo "2309"]
[PlyCount "74"]
[EventDate "2010.05.27"]
[EventRounds "7"]
[EventCountry "BUL"]

1. e4 c5 2. Nf3 a6 3. c3 e6 4. d4 d5 5. exd5 exd5 6. Be3 c4 7. b3 cxb3 8. axb3
Nc6 9. Bd3 Bd6 10. O-O Nge7 11. c4 Bf5 12. c5 Bc7 13. Nc3 O-O 14. Bxf5 Nxf5 15.
Qb1 Nxe3 16. fxe3 Ba5 17. Qd3 Re8 18. Nd2 Qd7 19. Rf3 Bxc3 20. Qxc3 a5 21. Nf1
f5 22. Ng3 g6 23. Ne2 Nb4 24. Nf4 Qb5 25. Qd2 b6 26. cxb6 Qxb6 27. Rff1 Rec8
28. Rfc1 Kg7 29. Rc3 g5 30. Ne2 Rxc3 31. Qxc3 Qc6 32. Qxc6 Nxc6 33. Rc1 Nb4 34.
Rc7+ Kg6 35. Nc3 Re8 36. Kf2 f4 37. Nd1 fxe3+ 1/2-1/2

[Event "Men Ch GroupA r_5"]
[Site "Albena BUL"]
[Date "2010.05.31"]
[Round "5.2"]
[White "Simeonov, Stefan"]
[Black "Georgiev, Kiril"]
[Result "0-1"]
[WhiteElo "2373"]
[BlackElo "2662"]
[PlyCount "63"]
[EventDate "2010.05.27"]
[EventRounds "7"]
[EventCountry "BUL"]

1. e4 c5 2. Nf3 d6 3. d4 cxd4 4. Nxd4 Nf6 5. Nc3 a6 6. Bc4 e6 7. a3 Be7 8. Ba2
O-O 9. O-O b5 10. f4 Bb7 11. f5 e5 12. Nde2 Nbd7 13. Ng3 Rc8 14. Bg5 Nb6 15.
Qf3 Nc4 16. Bxc4 Rxc4 17. Rad1 Nxe4 18. Ngxe4 Bxg5 19. Nf6+ Qxf6 20. Qxb7 Qh6
21. Ne4 Rxc2 22. Rxd6 Be3+ 23. Kh1 Qf4 24. Rdd1 Qg4 25. Ng3 h5 26. f6 g6 27.
Qe7 Bd4 28. Rc1 Rxc1 29. Rxc1 Rc8 30. Rxc8+ Qxc8 31. h4 Qc1+ 32. Kh2 0-1

[Event "Men Ch GroupA r_5"]
[Site "Albena BUL"]
[Date "2010.05.31"]
[Round "5.2"]
[White "Lupulescu, Constantin"]
[Black "Lalev, Dimitar"]
[Result "1-0"]
[WhiteElo "2593"]
[BlackElo "2396"]
[PlyCount "103"]
[EventDate "2010.05.27"]
[EventRounds "7"]
[EventCountry "BUL"]

1. e4 e6 2. d4 d5 3. Nd2 dxe4 4. Nxe4 Nd7 5. Bd3 Ngf6 6. Qe2 c5 7. Nf3 cxd4 8.
O-O a6 9. Nxd4 Nc5 10. Rd1 Ncxe4 11. Bxe4 Qc7 12. Rd3 g6 13. g3 Nxe4 14. Qxe4
Bg7 15. Bf4 e5 16. Rc3 Qd6 17. Rd3 O-O 18. Nf3 Qe7 19. Bg5 f6 20. Bd2 Bf5 21.
Qc4+ Qf7 22. Rc3 Qxc4 23. Rxc4 Rfc8 24. Rxc8+ Rxc8 25. c3 Be4 26. Ne1 Rd8 27.
Be3 g5 28. f3 Bc6 29. Kf2 h6 30. Nc2 f5 31. Re1 f4 32. gxf4 gxf4 33. Bb6 Rd3
34. Bc7 Rxf3+ 35. Kg1 e4 36. Nb4 e3 37. Nxc6 bxc6 38. Re2 Kf7 39. Kg2 Rf2+ 40.
Rxf2 exf2 41. Kxf2 Ke6 42. Bxf4 h5 43. Ke3 Kf5 44. Bc7 Bf6 45. a4 Kg4 46. Kd3
Kf3 47. Bd6 h4 48. b4 h3 49. c4 Bh4 50. b5 axb5 51. axb5 cxb5 52. c5 1-0

[Event "Men Ch GroupA r_5"]
[Site "Albena BUL"]
[Date "2010.05.31"]
[Round "5.2"]
[White "Ilchev, Dimitar"]
[Black "Spasov, Vasil"]
[Result "0-1"]
[WhiteElo "2043"]
[BlackElo "2605"]
[PlyCount "70"]
[EventDate "2010.05.27"]
[EventRounds "7"]
[EventCountry "BUL"]

1. c4 g6 2. d4 Nf6 3. Nc3 Bg7 4. e4 d6 5. f3 O-O 6. Be3 a6 7. Qd2 Nbd7 8. Bd3
c5 9. Nge2 cxd4 10. Nxd4 Ne5 11. Be2 e6 12. O-O d5 13. cxd5 exd5 14. Nxd5 Nxd5
15. exd5 Qxd5 16. Nb3 Be6 17. Qxd5 Bxd5 18. Rfd1 Bc4 19. Rd2 Rfe8 20. Kf2 Bxe2
21. Rxe2 Nd3+ 22. Kf1 Nxb2 23. Rc1 b5 24. Rc7 Be5 25. Rd7 Bxh2 26. Bh6 Be5 27.
Nc5 a5 28. f4 Bh8 29. f5 Nc4 30. fxg6 hxg6 31. Ree7 Ne5 32. Ra7 Rac8 33. Rxe8+
Rxe8 34. Rxa5 Ng4 35. Bd2 Bd4 0-1

[Event "Men Ch GroupA r_5"]
[Site "Albena BUL"]
[Date "2010.05.31"]
[Round "5.2"]
[White "Kolev, Atanas"]
[Black "Rahnev, Alexander"]
[Result "1/2-1/2"]
[WhiteElo "2580"]
[BlackElo "2125"]
[PlyCount "90"]
[EventDate "2010.05.27"]
[EventRounds "7"]
[EventCountry "BUL"]

1. e4 e5 2. Nf3 Nc6 3. d4 exd4 4. Nxd4 Nf6 5. Nxc6 bxc6 6. e5 Qe7 7. Qe2 Nd5 8.
c4 Ba6 9. b3 Nb6 10. Bb2 d5 11. exd6 cxd6 12. Qxe7+ Kxe7 13. Nc3 Bb7 14. O-O-O
c5 15. Nb5 Kd7 16. Bd3 a6 17. Bf5+ Kc6 18. Nc3 Kc7 19. Be4 Be7 20. Bxb7 Kxb7
21. Ne4 Rad8 22. Ng3 Rhg8 23. Rhe1 Nc8 24. Kc2 Kc6 25. Nf5 Bf8 26. Bc3 Kd7 27.
Ng3 Re8 28. Ne4 Kc6 29. g4 Be7 30. Re3 Bd8 31. Rde1 Re6 32. f4 Rh6 33. R1e2 Rh4
34. Rg3 f5 35. gxf5 Rxf4 36. f6 g6 37. Bb2 Rf8 38. Ng5 Rf5 39. h4 Bxf6 40. Nxh7
Bxh4 41. Rxg6 R8f7 42. Rh6 Bd8 43. a4 Rf2 44. Kd3 R2f3+ 45. Kc2 Rf2 1/2-1/2

[Event "Men Ch GroupA r_5"]
[Site "Albena BUL"]
[Date "2010.05.31"]
[Round "5.2"]
[White "Dimitrov, Marin"]
[Black "Rusev, Krasimir"]
[Result "0-1"]
[WhiteElo "2097"]
[BlackElo "2553"]
[PlyCount "84"]
[EventDate "2010.05.27"]
[EventRounds "7"]
[EventCountry "BUL"]

1. d4 e6 2. c4 b6 3. Nc3 Bb7 4. Nf3 Nf6 5. g3 Bb4 6. Bg2 Bxc3+ 7. bxc3 d6 8.
O-O O-O 9. Re1 Nc6 10. e4 e5 11. Bb2 Re8 12. Nd2 Na5 13. h3 Ba6 14. Bf1 Qd7 15.
Re3 Rad8 16. Kh2 c6 17. f4 exf4 18. gxf4 d5 19. cxd5 Bxf1 20. Qxf1 cxd5 21. e5
Qf5 22. Rc1 Rc8 23. Rg3 Nh5 24. Rg4 g6 25. Qf3 Red8 26. c4 Nxc4 27. Nxc4 Rxc4
28. Rxc4 dxc4 29. d5 Qd3 30. Qxd3 cxd3 31. d6 f5 32. Rg2 Nxf4 33. Rd2 Kf7 34.
Kg3 Ne6 35. Rxd3 Nc5 36. Ra3 Rd7 37. Bd4 Ne4+ 38. Kf4 Ke6 39. h4 h6 40. Rb3 g5+
41. hxg5 hxg5+ 42. Ke3 Rh7 0-1

[Event "Men Ch GroupA r_5"]
[Site "Albena BUL"]
[Date "2010.05.31"]
[Round "5.3"]
[White "Chatalbashev, Boris"]
[Black "Vasilev, Milen"]
[Result "1-0"]
[WhiteElo "2593"]
[BlackElo "2468"]
[PlyCount "69"]
[EventDate "2010.05.27"]
[EventRounds "7"]
[EventCountry "BUL"]

1. g3 e5 2. Bg2 Nf6 3. d3 Nc6 4. Nf3 d5 5. O-O h6 6. a3 Be6 7. b4 e4 8. dxe4
dxe4 9. Nfd2 Qd4 10. c3 Qe5 11. Qc2 e3 12. f4 Qh5 13. Ne4 Ng4 14. h3 Nf2 15.
Nxf2 exf2+ 16. Kxf2 O-O-O 17. Nd2 g5 18. f5 Bd7 19. e4 g4 20. Nc4 Bd6 21. Nxd6+
cxd6 22. Bf4 Ne5 23. Qe2 f6 24. Rfd1 Ba4 25. Rd4 Rhg8 26. b5 Bb3 27. c4 Qf7 28.
Rb1 gxh3 29. Bxh3 Bxc4 30. Rc1 Kb8 31. Rcxc4 Nxc4 32. Qxc4 Qh5 33. Bg2 Ka8 34.
b6 Qe8 35. Bxd6 1-0

[Event "Men Ch GroupA r_5"]
[Site "Albena BUL"]
[Date "2010.05.31"]
[Round "5.3"]
[White "Lilov, Valeri"]
[Black "Petkov, Vladimir"]
[Result "0-1"]
[WhiteElo "2415"]
[BlackElo "2498"]
[PlyCount "90"]
[EventDate "2010.05.27"]
[EventRounds "7"]
[EventCountry "BUL"]

1. e4 e5 2. Nf3 Nc6 3. Nc3 Nf6 4. Bb5 Bb4 5. O-O O-O 6. d3 Bxc3 7. bxc3 d6 8.
Bg5 Qe7 9. Re1 Nd8 10. d4 Ne6 11. Bc1 c5 12. Bf1 Qc7 13. g3 Re8 14. d5 Nf8 15.
Nh4 Ng6 16. Bg5 Nxh4 17. Bxh4 Nd7 18. f4 f6 19. Bb5 Qa5 20. Qd3 a6 21. Bxd7
Bxd7 22. f5 Qa4 23. g4 h6 24. Bf2 Kf7 25. Re3 Rh8 26. Kh1 Bb5 27. Qd1 Rag8 28.
Bh4 Ke7 29. h3 Kd7 30. a3 Kc7 31. Kh2 Ra8 32. Qd2 a5 33. Ree1 Ra6 34. Qg2 Rb6
35. Rg1 Ra8 36. Kg3 Raa6 37. Kf3 Bc4 38. Rgc1 Rb2 39. Qd2 Rab6 40. Bf2 Ba2 41.
h4 Bb1 42. g5 Bxc2 43. Qe3 Bxe4+ 44. Kg3 hxg5 45. hxg5 Bxd5 0-1